| Поле | Название | Значение |
| |
Тип записи |
a |
| |
Библиографический уровень |
c |
| 001 |
Контрольный номер |
SKBR/c297182a-ba5c-4174-90e2-953c7d10a3d4 |
| 005 |
Дата корректировки |
20230112120033.6 |
| 010 |
Индекс ISBN |
__ |
| a |
ISBN |
978-5-17-148204-6 |
| b |
Уточнения |
в пер. |
| 9 |
Тираж |
12000 экз. |
| d |
Цена |
588-50 |
| 035 |
Другие системные номера |
__ |
| a |
Идентификатор записи |
RU/Архангельская ОНБ/GIVC/84(2Рос=Рус)64-6я/Ц 97-617350767 |
| 100 |
Данные общей обработки |
__ |
| a |
Данные общей обработки |
20220824d2022 m y0rusy028902 ca |
| 101 |
Язык документа |
0_ |
| a |
Язык текста |
rus |
| 102 |
Страна публикации |
__ |
| a |
Страна публикации |
RU |
| 105 |
Кодированные данные (монография) |
__ |
| a |
Кодированные данные (монография) |
c z 000ay |
| 181 |
Поле кодированных данных: вид содержания |
_0 |
| a |
Код вида содержания (ISBD) |
i |
| 182 |
Поле кодированных данных: тип средства |
_0 |
| a |
Код типа средства (ISBD) |
n |
| 200 |
Заглавие и сведения об ответственности |
1_ |
| a |
Заглавие |
Интуиция |
| a |
Заглавие |
Burnt in the USSR |
| e |
Сведения, относящиеся к заглавию |
пьесы |
| f |
Первые сведения об ответственности |
Александр Цыпкин |
| 203 |
Вид содержания и тип средства |
__ |
| c |
Тип средства |
непосредственный |
| a |
Вид содержания |
Текст |
| 210 |
Выходные данные |
1_ |
| a |
Место издания |
Москва |
| c |
Издательство |
АСТ |
| d |
Дата издания |
2022 |
| 215 |
Физическое описание |
__ |
| a |
Объем |
187, [2] с. |
| d |
Формат |
21 см |
| c |
Иллюстрации/тип воспроизводства |
портр. |
| 225 |
Серия |
2_ |
| a |
Серия |
Одобрено Рунетом |
| i |
Наименование части |
Подарочное |
| 300 |
Общие примечания |
__ |
| a |
Общие примечания |
Из аннотации: Пьеса "Интуиция" написана вместе с Константином Хабенским. |
| 330 |
Аннотация |
__ |
| a |
Аннотация |
Истории Александра Цыпкина - автора "БеспринцЫпных чтений" и одного из самых популярных писателей в России - по всему миру читают лучшие российские актеры, и теперь эти истории ожидаемо стали превращаться в спектакли. "Три товарища? О чем молчит балет" - в репертуаре "Приюта комедианта". "Burnt in the USSR" играют на малой сцене "Гоголь-центра". "Интуиция" идет в Театре драмы имени Шукшина, и вот теперь эту пьесу ставят в московском "Современнике". "Идеальный Че" репетируют в театре имени Ермоловой. В этот сборник вошли две пьесы: "Интуиция" - написанные вместе с Константином Хабенским монологи умерших людей, которые делятся своими переживаниями об ошибках последнего прожитого ими дня земной жизни, и "Burnt in the USSR" (Сожженные в СССР) - собранное из известных рассказов Цыпкина трагикомическое переплетение судеб одноклассников 1970-го года рождения - поколения, взрослевшего под руинами СССР. |
| 333 |
Примечание о целевом назначении |
__ |
| a |
Примечание о целевом назначении |
16+. Для детей старше 16 лет |
| 606 |
Тематические рубрики |
__ |
| a |
Основная рубрика |
Художественная литература |
| 2 |
Код системы |
nlr_sh |
| 606 |
Тематические рубрики |
__ |
| 2 |
Код системы |
nlr_sh |
| a |
Основная рубрика |
Современная русская литература (произведения) |
| 610 |
Ключевые слова |
0_ |
| a |
Ключевые слова |
проза |
| 610 |
Ключевые слова |
0_ |
| a |
Ключевые слова |
современная проза |
| 610 |
Ключевые слова |
0_ |
| a |
Ключевые слова |
драматургия |
| 610 |
Ключевые слова |
0_ |
| a |
Ключевые слова |
русская драматургия |
| 610 |
Ключевые слова |
0_ |
| a |
Ключевые слова |
пьесы |
| 610 |
Ключевые слова |
0_ |
| a |
Ключевые слова |
жизнь после смерти |
| 610 |
Ключевые слова |
0_ |
| a |
Ключевые слова |
тема жизни после смерти |
| 610 |
Ключевые слова |
0_ |
| a |
Ключевые слова |
житейские истории |
| 610 |
Ключевые слова |
0_ |
| a |
Ключевые слова |
философия жизни |
| 610 |
Ключевые слова |
0_ |
| a |
Ключевые слова |
повороты судьбы |
| 610 |
Ключевые слова |
0_ |
| a |
Ключевые слова |
тема СССР |
| 610 |
Ключевые слова |
0_ |
| a |
Ключевые слова |
развал СССР |
| 686 |
Индексы других классификаций |
__ |
| 2 |
Код системы |
rubbks |
| a |
Классификационный индекс |
84(2=411.2)6-6; ст84(2=411.2)6-6 |
| 700 |
Автор |
_1 |
| a |
Фамилия |
Цыпкин |
| b |
Имя |
А. Е. |
| g |
Полное личное имя |
Александр Евгеньевич |
| f |
Даты |
1975- |
| 4 |
Код отношения |
070 |
| 701 |
Альтернативная интеллектуальная ответственность |
_1 |
| a |
Фамилия |
Хабенский |
| b |
Имя |
К. Ю. |
| g |
Полное личное имя |
Константин Юрьевич |
| f |
Даты |
1972- |
| 4 |
Код отношения |
070 |
| 801 |
Источник записи |
_0 |
| b |
Организация |
Архангельская ОНБ |
| a |
Страна |
RU |
| c |
Дата составления |
20220824 |
| g |
Правила каталогизации |
PSBO |
| 801 |
Источник записи |
_1 |
| b |
Организация |
Архангельская ОНБ |
| a |
Страна |
RU |
| c |
Дата составления |
20220824 |
| g |
Правила каталогизации |
PSBO |
| 852 |
Данные о местонахождении |
__ |
| i |
Авторский знак |
Ц 97 |
| j |
Шифр хранения |
84(2=411.2)6-6 |
| 900 |
Макрообъекты |
__ |
| a |
Макрообъекты |
Интуиция. А. Цыпкин, 2022 |
| 901 |
Тип документа |
__ |
| a |
Ответственный |
ООФиК/Волкова |
| t |
Тип документа |
x |
| 903 |
Характеристики (МАРС) |
__ |
| a |
Дата передачи |
20221006 |
| c |
Наименование библиотеки (МАРС) |
Муниципальное бюджетное учреждение культуры "Централизованная библиотечная система" г. Сургут (Центральная городская библиотека им. А. С. Пушкина) |
| 990 |
Данные о заказе (DOS) |
__ |
| j |
Количество экземпляров (DOS) |
2 |
| t |
N записи в КСУ для И/У (DOS) |
202210 |